[Event "Curitiba op"]
[Site "Curitiba"]
[Date "2023.04.01"]
[Round "2"]
[White "Marcondes, Igor Dalcol"]
[Black "Rogoski, Joao Vitor Ximenes"]
[Result "1-0"]
[WhiteElo "1815"]
[BlackElo "1565"]
[PlyCount "77"]
[EventDate "2023.03.31"]
[EventType "swiss"]
[EventRounds "5"]
[EventCountry "BRA"]
[SourceTitle "EXT 2024"]
[Source "ChessBase"]
[SourceDate "2023.10.10"]
[SourceVersion "1"]
[SourceVersionDate "2023.10.10"]
[SourceQuality "1"]

1. e4 e6 2. d4 d5 3. Nd2 c5 4. exd5 exd5 5. Ngf3 Bd6 6. dxc5 Bxc5 7. Nb3 Bb6 8. Bb5+ Nc6 9. 0-0 Nge7 10. Be3 Bg4 11. Bxb6 Qxb6 12. Be2 0-0 13. c3 Rfe8 14. Re1 Rad8 15. Nfd4 Be6 16. Qc2 Ng6 17. Bd3 Nce5 18. Bb5 Nc6 19. Rad1 a6 20. Ba4 Bg4 21. f3 Rxe1+ 22. Rxe1 Bf5 23. Qxf5 Nxd4 24. Nxd4 Qxb2 25. Qc2 Qa3 26. Qb3 Qc5 27. Qb4 Qc7 28. Bc2 a5 29. Qa3 Qf4 30. Bxg6 hxg6 31. Qxa5 Rc8 32. Qxd5 Rxc3 33. g3 Qh6 34. Re2 Rd3 35. Qc4 Rd1+ 36. Kg2 Qh5 37. Nc2 Rh1 38. Kxh1 Qxf3+ 39. Kg1 1-0

[Event "Araruama op 1st"]
[Site "Araruama"]
[Date "2021.06.04"]
[Round "2"]
[White "Nemeth Junior, Henrique"]
[Black "Marcondes, Igor Dalcol"]
[Result "1-0"]
[WhiteElo "2010"]
[BlackElo "1767"]
[PlyCount "35"]
[EventDate "2021.06.02"]
[EventType "tourn"]
[EventRounds "6"]
[EventCountry "BRA"]
[SourceTitle "CBM 203 Extra"]
[Source "ChessBase"]
[SourceDate "2021.09.30"]
[SourceVersion "1"]
[SourceVersionDate "2021.09.30"]
[SourceQuality "1"]

1. Nf3 Nf6 2. c4 c5 3. Nc3 Nc6 4. e3 g6 5. d4 cxd4 6. exd4 d5 7. cxd5 Nxd5 8. Qb3 Nxc3 9. Bc4 Nd5 10. Bxd5 e6 11. Bxc6+ bxc6 12. 0-0 Qd5 13. Qc3 Bg7 14. Bf4 0-0 15. Rfc1 Bd7 16. Qd2 Rfc8 17. Rc5 Qe4 18. Re1 1-0

[Event "Pirai do Sul op 25th"]
[Site "Chess.com INT"]
[Date "2020.12.28"]
[Round "10"]
[White "Marcondes, Igor Dalcol"]
[Black "Rodrigues Mota, Romulo Cardoso S"]
[Result "1/2-1/2"]
[WhiteElo "1833"]
[BlackElo "1634"]
[PlyCount "156"]
[EventDate "2020.12.26"]
[EventType "swiss"]
[EventRounds "12"]
[EventCountry "BRA"]
[SourceTitle "CBM 200 Extra"]
[Source "ChessBase"]
[SourceDate "2021.03.31"]
[SourceVersion "1"]
[SourceVersionDate "2021.03.31"]
[SourceQuality "1"]

1. e4 c5 2. Nf3 d6 3. d4 cxd4 4. Nxd4 Nf6 5. Nc3 g6 6. Be3 Bg7 7. Bc4 0-0 8. f3 Nc6 9. Qd2 Bd7 10. 0-0-0 Rc8 11. Bb3 Ne5 12. h4 h5 13. Bh6 a5 14. Bxg7 Kxg7 15. a4 Nc4 16. Bxc4 Rxc4 17. b3 Rc8 18. Ndb5 Qb6 19. Kb2 Qc5 20. Qd4 Qb4 21. Nd5 Qxd4+ 22. Nxd4 Nxd5 23. exd5 Rc5 24. c4 Rfc8 25. Rhe1 Kf6 26. Re4 e5 27. dxe6 fxe6 28. Rd2 e5 29. Nb5 Bxb5 30. axb5 d5 31. cxd5 Rxb5 32. d6 Rd8 33. Ka3 Ke6 34. Ka4 Rc5 35. b4 axb4 36. Kxb4 Rd5 37. Rde2 R8xd6 38. f4 Rd4+ 39. Kc3 Rxe4 40. Rxe4 Rc6+ 41. Kb4 Rc2 42. Rxe5+ Kf6 43. Rg5 Rf2 44. g3 Rc2 45. Kb5 Rc6 46. Kb4 Kg7 47. Kb5 Rf6 48. Kb4 Kf7 49. Rb5 b6 50. Kc4 Rc6+ 51. Kd4 Kf6 52. Kd3 Ke6 53. Kd4 Kd6 54. Kd3 Kc7 55. Kd4 Kb7 56. f5 Ka6 57. Re5 gxf5 58. Rxf5 Rg6 59. Rxh5 Rxg3 60. Kc4 Rg4+ 61. Kb3 b5 62. Rh8 Ka5 63. Ra8+ Kb6 64. Rb8+ Ka6 65. Ra8+ Kb7 66. Rh8 Kc6 67. Rh5 Rg8 68. Rh6+ Kc5 69. Rh5+ Kb6 70. Rh7 Rg1 71. h5 Rb1+ 72. Kc2 Rb4 73. Kc3 Rc4+ 74. Kb3 Kc5 75. Rc7+ Kd4 76. Rd7+ Ke5 77. h6 Rh4 78. h7 Kf6 1/2-1/2

[Event "Curitiba Terzian Memorial op"]
[Site "Curitiba"]
[Date "2014.10.31"]
[Round "1"]
[White "Marcondes, Igor Dalcol"]
[Black "De Souza, Camila dos Santos"]
[Result "0-1"]
[WhiteElo "1765"]
[BlackElo "1821"]
[PlyCount "79"]
[EventDate "2014.10.31"]
[EventType "swiss"]
[EventRounds "6"]
[EventCountry "BRA"]
[SourceTitle "EXT 2015"]
[Source "ChessBase"]
[SourceDate "2014.11.20"]
[SourceVersion "1"]
[SourceVersionDate "2014.11.20"]
[SourceQuality "1"]

1. e4 c5 2. Nf3 a6 3. d4 cxd4 4. Nxd4 Nf6 5. Nc3 e5 6. Nb3 Bb4 7. Bd2 d6 8. Bd3 Nc6 9. 0-0 0-0 10. Kh1 Bc5 11. Bg5 h6 12. Bh4 Be6 13. f4 exf4 14. Nxc5 dxc5 15. Bxf6 Qxf6 16. g3 Rad8 17. Rxf4 Qg5 18. Qc1 b5 19. Rf2 Qxc1+ 20. Rxc1 Nb4 21. Bf1 Rd4 22. a3 Nc6 23. Bg2 Ne7 24. Rff1 Rfd8 25. Rcd1 Rd2 26. Bf3 Kf8 27. Kg1 Nc6 28. Rf2 Rxd1+ 29. Nxd1 Ne5 30. Ne3 g6 31. Kg2 Ke7 32. h4 Rd4 33. Rf1 Rd2+ 34. Rf2 Bh3+ 35. Kg1 Rxf2 36. Kxf2 Nxf3 37. Kxf3 Be6 38. Kf4 Kd6 39. b4 g5+ 40. Kf3 0-1

[Event "Parana-chT"]
[Site "Sao Jose dos Pinhais"]
[Date "2014.10.16"]
[Round "4.3"]
[White "Marcondes, Igor Dalcol"]
[Black "Okawati, Gabriel Akira Andra"]
[Result "0-1"]
[WhiteElo "1765"]
[BlackElo "1920"]
[PlyCount "26"]
[EventDate "2014.10.13"]
[EventType "team-swiss"]
[EventRounds "6"]
[EventCountry "BRA"]
[SourceTitle "EXT 2015"]
[Source "ChessBase"]
[SourceDate "2014.11.20"]
[SourceVersion "1"]
[SourceVersionDate "2014.11.20"]
[SourceQuality "1"]
[WhiteTeam "Sao Jose dos Pinhais"]
[BlackTeam "Ponta Grossa"]
[WhiteTeamCountry "BRA"]
[BlackTeamCountry "BRA"]

1. e4 c5 2. Nf3 Nc6 3. d4 cxd4 4. Nxd4 Nf6 5. Nc3 e6 6. Nxc6 bxc6 7. e5 Nd5 8. Bd2 Qc7 9. f4 Qb6 10. Rb1 Ne3 11. Qc1 Nxf1 12. Rxf1 Ba6 13. Rf3 Qg1+ 0-1

[Event "Parana-chT"]
[Site "Sao Jose dos Pinhais"]
[Date "2014.10.14"]
[Round "2.3"]
[White "Marcondes, Igor Dalcol"]
[Black "Castro, Renan Britzke"]
[Result "1/2-1/2"]
[WhiteElo "1765"]
[BlackElo "1858"]
[PlyCount "98"]
[EventDate "2014.10.13"]
[EventType "team-swiss"]
[EventRounds "6"]
[EventCountry "BRA"]
[SourceTitle "EXT 2015"]
[Source "ChessBase"]
[SourceDate "2014.11.20"]
[SourceVersion "1"]
[SourceVersionDate "2014.11.20"]
[SourceQuality "1"]
[WhiteTeam "Sao Jose dos Pinhais"]
[BlackTeam "Siqueira Campos"]
[WhiteTeamCountry "BRA"]
[BlackTeamCountry "BRA"]

1. e4 c6 2. d4 d5 3. exd5 cxd5 4. Bd3 Nc6 5. c3 Qc7 6. Be3 Nf6 7. Nf3 Bg4 8. Nbd2 e6 9. Qb3 Bd6 10. h3 Bxf3 11. Nxf3 0-0 12. 0-0 h6 13. Qc2 Rfe8 14. Rac1 e5 15. dxe5 Nxe5 16. Nxe5 Bxe5 17. Qb3 a6 18. Rfd1 b5 19. Be2 Rad8 20. Bf3 Qc4 21. Qa3 Qc6 22. Rd3 Rd7 23. Rcd1 Red8 24. Qc5 Qxc5 25. Bxc5 Bc7 26. g3 g6 27. Kg2 Kh7 28. b3 Bd6 29. Bb6 Bc7 30. Bxc7 Rxc7 31. Bxd5 Nxd5 32. Rxd5 Rxd5 33. Rxd5 Rxc3 34. Rd6 a5 35. Ra6 a4 36. bxa4 bxa4 37. Rxa4 Kg7 38. Re4 Ra3 39. Re2 f5 40. h4 Kf6 41. Rb2 g5 42. Kh3 g4+ 43. Kg2 h5 44. Kf1 Ke5 45. Ke2 Ke4 46. Kf1 Ke5 47. Rb5+ Kf6 48. Rb2 Ke5 49. Ke2 Ke4 1/2-1/2

[Event "Parana-chT"]
[Site "Sao Jose dos Pinhais"]
[Date "2014.10.13"]
[Round "1.3"]
[White "Barreto, Marcelo Ferreira"]
[Black "Marcondes, Igor Dalcol"]
[Result "1/2-1/2"]
[WhiteElo "1514"]
[BlackElo "1765"]
[PlyCount "52"]
[EventDate "2014.10.13"]
[EventType "team-swiss"]
[EventRounds "6"]
[EventCountry "BRA"]
[SourceTitle "EXT 2015"]
[Source "ChessBase"]
[SourceDate "2014.11.20"]
[SourceVersion "1"]
[SourceVersionDate "2014.11.20"]
[SourceQuality "1"]
[WhiteTeam "Maringa"]
[BlackTeam "Sao Jose dos Pinhais"]
[WhiteTeamCountry "BRA"]
[BlackTeamCountry "BRA"]

1. e4 c6 2. d4 d5 3. Nc3 dxe4 4. Nxe4 Nd7 5. Nf3 Ngf6 6. Nxf6+ Nxf6 7. Bf4 Bf5 8. Bd3 Bxd3 9. Qxd3 e6 10. 0-0 Bd6 11. Bxd6 Qxd6 12. Ne5 0-0 13. f4 Rad8 14. c3 Nd5 15. f5 exf5 16. Rxf5 Ne7 17. Nc4 Qd7 18. Rf3 Ng6 19. Qe2 Rde8 20. Qf2 Re7 21. Re1 Rxe1+ 22. Qxe1 Qd5 23. b3 Qg5 24. Qe3 Qd8 25. Qf2 Qg5 26. Qe3 Qd8 1/2-1/2